Maunlad na pananaliksik sa Filipino (mga teorya at panitikan sa pananaliksik sa wika, panitikan , at kultura)/ (Record no. 6333)

MARC details
000 -LEADER
fixed length control field 00617nam a22001697a 4500
003 - CONTROL NUMBER IDENTIFIER
control field OSt
005 - DATE AND TIME OF LATEST TRANSACTION
control field 20251125171833.0
008 - FIXED-LENGTH DATA ELEMENTS--GENERAL INFORMATION
fixed length control field 251125b |||||||| |||| 00| 0 eng d
020 ## - INTERNATIONAL STANDARD BOOK NUMBER
International Standard Book Number 978-621-406-270-6
040 ## - CATALOGING SOURCE
Original cataloging agency DWC-Main lib
Transcribing agency OC
082 ## - DEWEY DECIMAL CLASSIFICATION NUMBER
Classification number Fil. 499.2115 B198m 2020
100 ## - MAIN ENTRY--PERSONAL NAME
Personal name Balunsay, Jovert R.
245 ## - TITLE STATEMENT
Title Maunlad na pananaliksik sa Filipino (mga teorya at panitikan sa pananaliksik sa wika, panitikan , at kultura)/
Statement of responsibility, etc. Jovert R. Balunsay
260 ## - PUBLICATION, DISTRIBUTION, ETC.
Place of publication, distribution, etc. Intramuros, Manila :
Name of publisher, distributor, etc. Mindshapers co. inc.,
Date of publication, distribution, etc. c2020.
300 ## - PHYSICAL DESCRIPTION
Extent x , 226 pages :
Other physical details illustrations ;
Dimensions 26cm.
942 ## - ADDED ENTRY ELEMENTS (KOHA)
Source of classification or shelving scheme Dewey Decimal Classification
Koha item type Book-Filipiniana
Call number prefix Fil.
Suppress in OPAC No
952 ## - LOCATION AND ITEM INFORMATION (KOHA)
--
Holdings
Withdrawn status Lost status Source of classification or shelving scheme Damaged status Not for loan Home library Current library Shelving location Date acquired Source of acquisition Cost, normal purchase price Total Checkouts Full call number Barcode Date last seen Copy number Price effective from Koha item type Uniform Resource Identifier
    Dewey Decimal Classification     College Library College Library Filipiniana 04/21/2021 School Fund 325.00   Fil. 499.2115 B198m 2020 CL52860 11/25/2025 c1 11/25/2025 BK - FIL